Cargando...
Seraamic vyavasaayam
| Main Authors: | , |
|---|---|
| Formato: | Printed Book |
| Publicado: |
1978
|
| LEADER | 004110000a22001330004500 | ||
|---|---|---|---|
| 040 | |a MAL | ||
| 082 | |a 666 32L8 | ||
| 100 | |a Gopalakrishnan, Chunakkara; Tr | ||
| 100 | |a Reghunath, N V; Author | ||
| 245 | |a Seraamic vyavasaayam | ||
| 260 | |c 1978 | ||
| 500 | |a N V Reghunath | ||
| 999 | |c 28065 |d 28065 | ||
| 952 | |0 0 |1 0 |4 0 |6 666_000000000000000_32L8 |7 0 |8 MAL |9 27903 |a MGUL |b MGUL |d 2013-07-16 |l 0 |o 666 32L8 |p 14953 |r 2013-07-16 |w 2013-07-16 |y BK | ||